Ben 10 (Ultimate Alien) Antagoniści - Statystyki

Ogólne statystyki
  • Ten quiz został rozwiązany 11 razy
  • Średni wynik to 36 z 128
Statystyki odpowiedzi
Odcinek Antagonista % Poprawnych
Kevin Levin
75%
Vilgax
75%
Aggregor
63%
30."Niełatwo Być Gwen" | 5."Ucieczka od Aggregora" Doktor Animo
63%
37."Dwóch albo żaden" Albedo
50%
Dagon
50%
Andreas
38%
Czarodziejka
38%
Czujący Ostateczny Echo Echo
38%
Czujący Ostateczny Gigantozaur
38%
Czujący Ostateczny Szlamfajer
38%
Czujący Ostateczny Ziąb
38%
27."Ben 10,000 powraca" Eon
38%
40."Matka Wszystkich Wredziaków" Mama Wredziak
38%
Michael Morningstar
38%
Sir George
38%
Antonio
25%
7."Wina Andreasa" Argit
25%
Bivalvan
25%
Czujący Ostateczny Kulopłot
25%
Czujący Ostateczny Pajęczarz
25%
35."Czystka" Driscoll
25%
Gwen Tennyson
25%
Hex
25%
Julia Yamamoto
25%
28."Stwór z Pieczęci" Lucubra
25%
6."Zbyt Gorący" P'Andor
25%
12."Odbita Sława" Psyphon
25%
Rojo
25%
Statek
25%
25."Kłopotliwa Kuzynka" Sunny Tennyson
25%
21."Transmogryfikacja Eunice" Szukacz
25%
34."Pozdrowienia z Techadona" Techadon
25%
49."Noc żywych Koszmarów" UFOzbir
25%
Vulkanus
25%
31."Zaginięcie Więźnia Numer 775" Więzień 775
25%
1."Sława" Will Moralista
25%
Zmutowana żaba
25%
Zombozo
25%
9."Czas Bohatera" Carl Nesmith
13%
39."Największe Poświęcenie" Czerwony robot
13%
Doradca Edwards
13%
Dwugłowy smok
13%
Elena Validus
13%
44."Inspektor Numer 13" Inspektor 13
13%
46."Złap Spadającą Gwiazdę" Jennifer Nocturne
13%
33."Simian Mówi" Mizaru
13%
Nanochipy
13%
Robot-smok
13%
3."Uderz w Dom" SiedemSiedem
13%
Skalne Potwory
13%
38."Dziewczyna Doskonała" | 4."Gry Wideo" Ssserpent
13%
29."Szkolenie" Trombipulor
13%
26."Zemsta Roju" Victor Validus
13%
Xenocyt
13%
Zmutowane mewy
13%
Adwaita
0%
Bijanostwór
0%
Galapagus
0%
Kolar
0%
Komputron
0%
24."Król Viktor" Król Xarion
0%
Książę Gyula
0%
Morgg
0%
Nękacz
0%
Oliver Thompson
0%
47."Co się Wykluło?" Pterodaktyl
0%
Ra'ad
0%
R.E.D.
0%
36."Krąg Strażników Płomienia" Rich
0%
23."Artykuł" Roślinny Kosmita
0%
Sir Dagonet
0%
41."Wir śmieci" Śmieciowy potwór
0%
Strabismus
0%
22."Oko Patrzącego" Straż wiary
0%
32."Jak Poznałem Waszą Babcię" Synthroid
0%
17."...Ani Kraty z żelaza Kute" Trukk
0%
2."Duplikaty" Urian
0%
Winston
0%
Zamętor
0%
Nie znaleziono quizów pasujących do podanych kryteriów
Rozkład punktacji
Procent ludzi z każdym wynikiem
Percentyl według liczby udzielonych odpowiedzi
Twoja historia wyników
Nie rozwiązałeś tego quizu